000 01232nam a2200265 a 4500
001 21663
003 CO-ViMGA
008 141112s2004 ck r 000 u spa d
020 _a9583503789
040 _aCO-ViMGA
_bspa
_cCO-ViMGA
082 0 4 _a345 A483g
100 1 _aAgudelo Betancurt, Nódier
_930921
245 1 0 _aGrandes corrientes del derecho penal :
_bEscuela positivista (Introducción a la lectura de Cesar Lombroso, Rafael garofalo y Enrico Ferri)
250 _a7
260 _aBogotá :
_bTemis,
_c2002
300 _a87
505 _aPostulados fundamentales de la escuela positivista 3 - - Representantes de la escuela positivista y proyección de dicha escuela 45 - - Guía para el control de lecturas sobre la escuela positivista 79
590 _aForma de adquisición : Donación fact. 8854 - - Precio : 10000 - - Proveedor : Fundación exito - - Fecha de adquisición : Junio 2007
650 1 4 _aDERECHO PENAL - HISTORIA
_930922
650 1 4 _aESCUELAS DEL DERECHO PENAL
_930923
650 1 4 _aFERRI, 1856 - 1929 - CRITICA E INTERPRETACION
_930924
650 1 4 _aGAROFALO, 1851 - 1934 - CRITICA E INTERPRETACION
_930925
650 1 4 _aLOMBROSO, 1835 - 1909 - CRITICA E INTERPRETACION
_930926
942 _2ddc
_cBK
999 _c30227
_d30227